000 00569nam a2200217Ia 4500
003 OSt
005 20221007083042.0
006 a|||||r|||| 00| 0
007 ta
008 221006b |||||||| |||| 00| 0 eng d
024 _a46,340
037 _cDissertations
040 _aFLL
_cFLL
_beng
041 _2eng
_aeng
100 _aGAURAV Kanak
_9700188
245 0 _aRight to food in India and its international perspective; a critical analysis
260 _c2021
300 _a116p.
_ccm.
942 _cDIS
_2CC
999 _c1168643
_d1168643